000
00339nam a2200133 a 4500
005
20140412111424.0
008
080205s19uu xx 00 eng d
020
_a
1-84557-317-x
050
_a
TR(GS 428.4
_b
B61 2005
245
_a
Blending Sounds.
260
_a
New Delhi :
_b
New Dawn Press,
_c
2006.
440
_a
Phonics
999
_c
106161
_d
106161